Percepción del familiar con respecto al cuidado de enfermería en pacientes hospitalizados en una clínica de tercer nivel en Cartagena, Colombia. 2018 / (Registro nro. 4009)
[ vista simple ]
| 000 -LEADER | |
|---|---|
| fixed length control field | 01763nam a2200241 4500 |
| 005 - DATE AND TIME OF LATEST TRANSACTION | |
| control field | 20250329165434.0 |
| 008 - FIXED-LENGTH DATA ELEMENTS--GENERAL INFORMATION | |
| fixed length control field | 180709s2018 000 0 eng d |
| 040 ## - CATALOGING SOURCE | |
| Original cataloging agency | CO-CtgCURN |
| Language of cataloging | spa |
| Transcribing agency | coctgcurn |
| 082 0# - DEWEY DECIMAL CLASSIFICATION NUMBER | |
| Classification number | ENF 2018 |
| Item number | R687 |
| 100 1# - MAIN ENTRY--PERSONAL NAME | |
| Personal name | Rodelo Olarte, Eliana Cristina. |
| 245 10 - TITLE STATEMENT | |
| Title | Percepción del familiar con respecto al cuidado de enfermería en pacientes hospitalizados en una clínica de tercer nivel en Cartagena, Colombia. 2018 / |
| Statement of responsibility, etc. | Eliana Cristina Rodelo Olarte; Sofía Isabel de la Ossa Villamizar; Asesor Verónica Valdiris © vila. |
| 260 ## - PUBLICATION, DISTRIBUTION, ETC. | |
| Place of publication, distribution, etc. | Cartagena de Indias : |
| Name of publisher, distributor, etc. | Corporación Universitaria Rafael Núñez, |
| Date of publication, distribution, etc. | 2018. |
| 300 ## - PHYSICAL DESCRIPTION | |
| Extent | 115 h. |
| 504 ## - BIBLIOGRAPHY, ETC. NOTE | |
| Bibliography, etc. note | Trabajo de grado (Enfermeria). Corporación Universitaria Rafael Nuñez. Facultad de la Salud. Enfermeria, 2018. |
| 520 ## - SUMMARY, ETC. | |
| Summary, etc. | El cuidado de enfermería es aquella atención especializada en salud a un paciente para su recuperación y preservación de la salud. Al evaluarlo desde la perspectiva del usuario/familiar se puede conocer si resulta adecuado. OBJETIVO: Analizar la percepción del familiar con respecto al cuidado de Enfermería en pacientes hospitalizados en una clínica de tercer nivel en Cartagena, Colombia durante 2018. |
| 650 #0 - SUBJECT ADDED ENTRY--TOPICAL TERM | |
| Topical term or geographic name entry element | Enfermeria |
| Form subdivision | Tesis y disertaciones academicas. |
| 700 1# - ADDED ENTRY--PERSONAL NAME | |
| Personal name | Ossa Villamizar, Sofía Isabel de la. |
| 700 1# - ADDED ENTRY--PERSONAL NAME | |
| Personal name | Valdiris © vila, Verónica, |
| Relator term | Asesora. |
| 856 ## - ELECTRONIC LOCATION AND ACCESS | |
| Uniform Resource Identifier | <a href="https://unicurn.sharepoint.com/:b:/s/biblioteca/EVeX9UV2SUhHohnbvJLVvhoBE6lkzGJYNp4s_n35T5ws_g?e=sivbx5">https://unicurn.sharepoint.com/:b:/s/biblioteca/EVeX9UV2SUhHohnbvJLVvhoBE6lkzGJYNp4s_n35T5ws_g?e=sivbx5</a> |
| Public note | Click aqui para ver el recurso en texto completo |
| 856 7# - ELECTRONIC LOCATION AND ACCESS | |
| Public note | Click aqui para ver el recurso en texto completo |
| 942 ## - ADDED ENTRY ELEMENTS (KOHA) | |
| Source of classification or shelving scheme | Dewey Decimal Classification |
| Koha item type | Trabajos de grado |
| Classification part | ENF 2018 |
| Item part | R687 |
| Withdrawn status | Lost status | Source of classification or shelving scheme | Damaged status | Not for loan | Collection | Home library | Current library | Shelving location | Date acquired | Source of acquisition | Cost, normal purchase price | Inventory number | Total checkouts | Full call number | Barcode | Date last seen | Copy number | Price effective from | Koha item type |
|---|---|---|---|---|---|---|---|---|---|---|---|---|---|---|---|---|---|---|---|
| Dewey Decimal Classification | Trabajos de grado | Miguel Henríquez Emiliani | Miguel Henríquez Emiliani | Trabajo de grado | 03/29/2025 | El autor | 350000.00 | 021352 | ENF 2018 R687 | 021532 | 12/07/2018 | 1 | 12/07/2018 | Trabajos de grado |